| 000 | 00850nam a2200277 i 4500 | ||
|---|---|---|---|
| 001 | 38252 | ||
| 003 | CO-BoRNBP | ||
| 005 | 20250812154324.0 | ||
| 007 | ta | ||
| 008 | 240730s ck a|||| |||| 00| 0 spa d | ||
| 020 | _aObra completa | ||
| 040 |
_aCO-BoRNBP _bspa _cCO-BoRNBP _drda |
||
| 041 | _aspa | ||
| 084 | _aC TES2 | ||
| 245 |
_aTesoros del corazón _cadaptaciones, Graciela Repún; ilustraciones, María Julia Goyena, Claudia Aragonés |
||
| 264 | 1 |
_bIbalpe _aBogotá, Colombia |
|
| 264 | 4 | _b©Alma ediciones | |
| 300 |
_a281 páginas _bilustraciones a color _c27cm |
||
| 336 |
_2rdacontent _atexto _btxt |
||
| 337 |
_2rdamedia _asin mediación _bn |
||
| 338 |
_2rdacarrier _avolumen _bnc |
||
| 650 | 1 | 7 |
_2LEMB _aLiteratura infantil _92746 |
| 650 | 1 | 7 |
_2LEMB _aCuentos clásicos |
| 650 | 1 | 7 |
_2LEMB _aimaginación/aventura |
| 942 |
_2ddc _cBKINF |
||
| 999 |
_c38252 _d38252 |
||